Der arme Spielmann; (Record no. 125933)
[ view plain ]
| 000 -LEADER | |
|---|---|
| fixed length control field | 00602cam a22002052 4500 |
| 001 - CONTROL NUMBER | |
| control field | 10527835 |
| 003 - CONTROL NUMBER IDENTIFIER | |
| control field | ARRUPE |
| 005 - DATE AND TIME OF LATEST TRANSACTION | |
| control field | 20170111122829.0 |
| 008 - FIXED-LENGTH DATA ELEMENTS--GENERAL INFORMATION | |
| fixed length control field | 910627s1961 au 000 0 ger |
| 010 ## - LIBRARY OF CONGRESS CONTROL NUMBER | |
| LC control number | ltf91072302 |
| 040 ## - CATALOGING SOURCE | |
| Original cataloging agency | DLC |
| Transcribing agency | DLC |
| Modifying agency | DLC |
| 050 00 - LIBRARY OF CONGRESS CALL NUMBER | |
| Classification number | PT2259.A8K3 |
| 300 ## - PHYSICAL DESCRIPTION | |
| Dimensions | 16cm. |
| 100 1# - MAIN ENTRY--PERSONAL NAME | |
| Personal name | Grillparzer, Franz, |
| Dates associated with a name | 1791-1872. |
| 9 (RLIN) | 28217 |
| 245 04 - TITLE STATEMENT | |
| Title | Der arme Spielmann; |
| Remainder of title | eine novelle |
| Statement of responsibility, etc | by Grillparzer, Franz, |
| 260 ## - PUBLICATION, DISTRIBUTION, ETC. (IMPRINT) | |
| Place of publication, distribution, etc | Stuttgart |
| Name of publisher, distributor, etc | Philipp Reclam Jun. |
| Date of publication, distribution, etc | 1962 |
| 300 ## - PHYSICAL DESCRIPTION | |
| Extent | 62p. |
| 700 ## - ADDED ENTRY--PERSONAL NAME | |
| Personal name | Kast, Emil |
| 9 (RLIN) | 28219 |
| 906 ## - LOCAL DATA ELEMENT F, LDF (RLIN) | |
| a | 0 |
| b | cbc |
| c | premunv |
| d | u |
| e | ncip |
| f | 19 |
| g | y-gencatlg |
| 942 ## - ADDED ENTRY ELEMENTS (KOHA) | |
| Source of classification or shelving scheme | Library of Congress Classification |
| Koha item type | Monograph ( Printed materials) |
| Withdrawn status | Lost status | Source of classification or shelving scheme | Damaged status | Not for loan | Collection code | Home library | Current library | Shelving location | Date acquired | Total Checkouts | Full call number | Barcode | Date last seen | Price effective from | Koha item type |
|---|---|---|---|---|---|---|---|---|---|---|---|---|---|---|---|
| Library of Congress Classification | Main Collection | ARRUPE LIBRARY | ARRUPE LIBRARY | Main Collection | 11/01/2017 | PT2259.A8K3 | 46500022614 | 02/07/2019 | 11/01/2017 | Monograph ( Printed materials) |